[Event "2nd GMA World Cup prel  #1"]
[Site "Belgrade YUG"]
[Date "1988.??.??"]
[Round "?"]
[White "Veroci-Petronic, Zsuzsa"]
[Black "Mohr, Georg"]
[Result "0-1"]
[WhiteElo "2330"]
[BlackElo "2460"]
[EventDate "1988.12.??"]
[PlyCount "68"]

1.e4 Nc6 2.Nf3 d6 3.d4 Nf6 4.Nc3 Bg4 5.Bb5 a6 6.Bxc6+ bxc6 7.h3 Bh5 8.Qe2 
e6 9.Bg5 Be7 10.O-O O-O 11.Rad1 Re8 12.Bf4 Qb8 13.b3 Qb7 14.Rfe1 d5 15.e5 
Nd7 16.Nb1 a5 17.c3 c5 18.dxc5 Nxc5 19.Nbd2 Bg6 20.Nf1 Ne4 21.Qb2 c5 22.
Ng3 Nxg3 23.Bxg3 Bh5 24.Qe2 a4 25.Rb1 axb3 26.axb3 Bg6 27.Rb2 Ra5 28.Nd2 
c4 29.Bf4 Rc8 30.Be3 cxb3 31.Rc1 Ra2 32.Nf3 Rca8 33.Nd4 Ba3 34.Rxa2 bxa2 
0-1

[Event "2nd GMA World Cup prel  #1"]
[Site "Belgrade YUG"]
[Date "1988.??.??"]
[Round "?"]
[White "Veroci-Petronic, Zsuzsa"]
[Black "Paulic, Branko"]
[Result "1-0"]
[WhiteElo "2330"]
[BlackElo "2225"]
[EventDate "1988.12.??"]
[PlyCount "117"]

1.e4 e6 2.d4 d5 3.e5 c5 4.c3 Qb6 5.a3 Nc6 6.Nf3 Bd7 7.b4 cxd4 8.cxd4 Rc8 
9.Bb2 Na5 10.Bc3 Nc4 11.Qb3 a5 12.Bd3 a4 13.Qd1 Ne7 14.O-O Bb5 15.Bc2 Qc6 
16.Re1 h6 17.Ra2 Rc7 18.Ba1 Nc8 19.Nc3 N8b6 20.Nxb5 Qxb5 21.Re2 Be7 22.Ne1
O-O 23.Nd3 Ra8 24.Nc5 Bf8 25.Qd3 g6 26.h4 Bxc5 27.dxc5 Nd7 28.h5 Nf8 29.
Bd4 Qd7 30.f4 Qe7 31.Qf3 Qh4 32.g3 Qxh5 33.Qxh5 gxh5 34.Rh2 Kg7 35.Bd3 Ng6
36.Rxh5 Rg8 37.Kf2 Rh8 38.Kf3 Rcc8 39.g4 Ra8 40.Bxc4 dxc4 41.f5 Rhd8 42.
Ke4 Nf4 43.Rh4 Nd5 44.Rah2 Rh8 45.Rc2 Nc7 46.Rxc4 Nb5 47.Rh3 Rad8 48.Be3 
Rd7 49.f6+ Kg8 50.c6 bxc6 51.Rxc6 Rd8 52.Bb6 Rb8 53.Rd3 Kh7 54.Be3 Kg6 55.
Rc1 Rb7 56.Rh1 Rc7 57.Rd8 Rc4+ 58.Kf3 h5 59.Rxh8 1-0

[Event "2nd GMA World Cup prel  #1"]
[Site "Belgrade YUG"]
[Date "1988.??.??"]
[Round "?"]
[White "Veroci-Petronic, Zsuzsa"]
[Black "Vuruna, Miodrag"]
[Result "1/2-1/2"]
[WhiteElo "2330"]
[BlackElo "2320"]
[EventDate "1988.12.??"]
[PlyCount "37"]

1.e4 c5 2.Nf3 Nc6 3.d4 cxd4 4.Nxd4 Nf6 5.Nc3 d6 6.Be3 a6 7.Be2 e6 8.f4 Bd7
9.O-O Be7 10.a4 O-O 11.Kh1 Rc8 12.Nb3 Na5 13.e5 Ne8 14.Nxa5 Qxa5 15.Qd2 
Bc6 16.Bd4 dxe5 17.fxe5 Bc5 18.Bxc5 Qxc5 19.Qf4 1/2-1/2

[Event "2nd GMA World Cup prel  #1"]
[Site "Belgrade YUG"]
[Date "1988.??.??"]
[Round "?"]
[White "Voiska, Margarita"]
[Black "Ernst, Thomas"]
[Result "1/2-1/2"]
[WhiteElo "2350"]
[BlackElo "2450"]
[EventDate "1988.12.??"]
[PlyCount "102"]

1.Nf3 c5 2.c4 Nc6 3.g3 e5 4.Nc3 g6 5.Bg2 Bg7 6.O-O d6 7.d3 Nge7 8.Ne1 Be6 
9.Nc2 d5 10.cxd5 Nxd5 11.Ne3 Nde7 12.Nc4 O-O 13.Be3 b6 14.Qc1 Re8 15.Bh6 
Bh8 16.Ne4 Nd5 17.Ng5 Bc8 18.Ne3 Nce7 19.Nxd5 Nxd5 20.Qc4 Bb7 21.e4 Bg7 
22.Nxf7 Kxf7 23.Bxg7 Kxg7 24.exd5 Qd6 25.Rae1 Rad8 26.Re3 Bxd5 27.Bxd5 
Qxd5 28.Rfe1 Qxc4 29.dxc4 Rd2 30.R3e2 Rxe2 31.Rxe2 Kf6 32.Rd2 Ke6 33.Kf1 
Rb8 34.Ke2 b5 35.cxb5 Rxb5 36.b3 Rb4 37.Rd8 c4 38.Ra8 cxb3 39.axb3 Rb7 40.
Kd2 Kd5 41.Rd8+ Ke4 42.Rd3 Rf7 43.Re3+ Kd4 44.f3 Rb7 45.Rd3+ Kc5 46.Kc3 a5
47.Re3 Kd5 48.Rd3+ Ke6 49.Re3 Kd5 50.Rd3+ Ke6 51.Re3 Kd5 1/2-1/2

[Event "2nd GMA World Cup prel  #1"]
[Site "Belgrade YUG"]
[Date "1988.??.??"]
[Round "?"]
[White "Voiska, Margarita"]
[Black "Ivkov, Borislav"]
[Result "1/2-1/2"]
[WhiteElo "2350"]
[BlackElo "2470"]
[EventDate "1988.12.??"]
[PlyCount "60"]

1.Nf3 c5 2.g3 g6 3.Bg2 Bg7 4.O-O Nc6 5.c4 e6 6.Nc3 Nge7 7.d3 O-O 8.Bf4 d6 
9.Qd2 Nf5 10.e4 Nfd4 11.Nxd4 Nxd4 12.Be3 Rb8 13.Bg5 Qd7 14.Bh6 b6 15.Bxg7 
Kxg7 16.f4 Bb7 17.Ne2 Nxe2+ 18.Qxe2 f5 19.Rad1 Rbe8 20.d4 Qc6 21.e5 Qxg2+ 
22.Qxg2 Bxg2 23.Kxg2 dxe5 24.dxe5 Rd8 25.Kf3 Kf7 26.Ke2 Ke7 27.Rxd8 Rxd8 
28.Rd1 Rf8 29.Rd3 Rd8 30.Rxd8 Kxd8 1/2-1/2

[Event "2nd GMA World Cup prel  #1"]
[Site "Belgrade YUG"]
[Date "1988.??.??"]
[Round "?"]
[White "Voiska, Margarita"]
[Black "Schmidt, Wlodzimierz"]
[Result "0-1"]
[WhiteElo "2350"]
[BlackElo "2465"]
[EventDate "1988.12.??"]
[PlyCount "74"]

1.Nf3 Nf6 2.c4 g6 3.Nc3 Bg7 4.g3 O-O 5.Bg2 d5 6.cxd5 Nxd5 7.O-O Nc6 8.Ng5 
Nb6 9.d3 e5 10.Nge4 Nd4 11.Nc5 c6 12.Bd2 Nd5 13.Nxd5 cxd5 14.e3 Ne6 15.Bb4
Re8 16.Qb3 b6 17.Na4 Nc7 18.Rfc1 Bb7 19.Nc3 Qd7 20.a4 Rab8 21.Ba3 Ba8 22.
Nb5 Ne6 23.Nc3 Red8 24.e4 Nd4 25.Qd1 dxe4 26.dxe4 Rbc8 27.Nb5 Bc6 28.Nxd4 
exd4 29.Bb4 Bxa4 30.b3 Bb5 31.Rxc8 Rxc8 32.Rc1 h5 33.Rxc8+ Qxc8 34.h4 d3 
35.Bf1 Bc3 36.Bd6 Qd7 37.e5 Qf5 0-1

[Event "2nd GMA World Cup prel  #1"]
[Site "Belgrade YUG"]
[Date "1988.??.??"]
[Round "?"]
[White "Vratonjic, Slobodan"]
[Black "Flear, Glenn Curtis"]
[Result "0-1"]
[WhiteElo "2360"]
[BlackElo "2470"]
[EventDate "1988.12.??"]
[PlyCount "68"]

1.e4 e5 2.Nf3 Nc6 3.Bc4 Nf6 4.d3 Bc5 5.c3 d6 6.O-O a6 7.Bb3 Ba7 8.Nbd2 O-O
9.h3 Nh5 10.Re1 Nf4 11.Nf1 Qf6 12.Be3 Ne7 13.Bxa7 Rxa7 14.Ne3 Qg6 15.Kh2 
Kh8 16.d4 f5 17.exf5 Nxf5 18.Qc2 Qh5 19.Ng1 exd4 20.cxd4 Nxd4 21.Qxc7 Bxh3
22.gxh3 Nf3+ 23.Nxf3 Qxh3+ 24.Kg1 Qxf3 25.Qxd6 Raa8 26.Rad1 Rae8 27.Bd5 
Nxd5 28.Ng2 Qxf2+ 29.Kh2 Nf6 30.Rd2 Ng4+ 31.Kh3 Qf3+ 32.Qg3 Rxe1 33.Qxf3 
Rxf3+ 34.Kxg4 Ref1 0-1

[Event "2nd GMA World Cup prel  #1"]
[Site "Belgrade YUG"]
[Date "1988.??.??"]
[Round "?"]
[White "Vratonjic, Slobodan"]
[Black "Gurevich, Dmitry"]
[Result "1-0"]
[WhiteElo "2360"]
[BlackElo "2475"]
[EventDate "1988.12.??"]
[PlyCount "53"]

1.e4 c5 2.Nf3 d6 3.c3 Nf6 4.Be2 g6 5.O-O Bg7 6.Bb5+ Bd7 7.Bxd7+ Nbxd7 8.
Qe2 O-O 9.d4 e6 10.Bg5 Qc7 11.dxc5 Nxc5 12.Nbd2 b5 13.b4 Na4 14.Qxb5 Nxc3 
15.Qd3 d5 16.Bxf6 Bxf6 17.Rac1 Rac8 18.Rfe1 d4 19.e5 Bg7 20.Nb3 Rfd8 21.h4
Qb7 22.a3 Bh6 23.Rc2 Qb5 24.Rxc3 dxc3 25.Qxb5 c2 26.Qe2 Rc3 27.Ng5 1-0

[Event "2nd GMA World Cup prel  #1"]
[Site "Belgrade YUG"]
[Date "1988.??.??"]
[Round "?"]
[White "Vucic, Mladen"]
[Black "Brkljaca, Ante"]
[Result "1/2-1/2"]
[WhiteElo "2400"]
[BlackElo "2355"]
[EventDate "1988.12.??"]
[PlyCount "20"]

1.d4 Nf6 2.Nf3 e6 3.c4 d5 4.cxd5 exd5 5.Nc3 Bb4 6.Bg5 h6 7.Bh4 c5 8.e3 Nc6
9.Rc1 g5 10.Bg3 Qa5 1/2-1/2

[Event "2nd GMA World Cup prel  #1"]
[Site "Belgrade YUG"]
[Date "1988.??.??"]
[Round "?"]
[White "Vucic, Mladen"]
[Black "Micic, Cedomir"]
[Result "0-1"]
[WhiteElo "2400"]
[BlackElo "2355"]
[EventDate "1988.12.??"]
[PlyCount "80"]

1.d4 d5 2.Nf3 e6 3.c4 c5 4.cxd5 exd5 5.Nc3 Nc6 6.g3 Nf6 7.Bg2 Be7 8.O-O 
O-O 9.b3 Bg4 10.dxc5 Bxc5 11.Bb2 Re8 12.Rc1 Rc8 13.h3 Bh5 14.Na4 Be7 15.
Nc5 Qb6 16.Bxf6 Bxc5 17.Qxd5 Nb4 18.Qg5 Bg6 19.Ba1 Nxa2 20.Rc4 h6 21.Qd2 
Nb4 22.Ne5 Nc2 23.Nd7 Qd6 24.Qc3 Nd4 25.Kh2 Qxd7 26.Rd1 b5 27.Rxc5 Rxc5 
28.Qxc5 Nf3+ 29.Bxf3 Qxd1 30.Qxb5 f6 31.Bc3 Bf7 32.b4 Rc8 33.Bb2 Qd2 34.
Qb7 Rd8 35.Ba3 Qe1 36.Qxa7 Rd1 37.h4 Qg1+ 38.Kh3 g5 39.Qb8+ Kh7 40.Bg2 
Qxf2 0-1

[Event "2nd GMA World Cup prel  #1"]
[Site "Belgrade YUG"]
[Date "1988.??.??"]
[Round "?"]
[White "Vucic, Mladen"]
[Black "Tseshkovsky, Vitaly"]
[Result "0-1"]
[WhiteElo "2400"]
[BlackElo "2505"]
[EventDate "1988.12.??"]
[PlyCount "112"]

1.d4 Nf6 2.Nf3 g6 3.c4 Bg7 4.g3 c5 5.d5 b5 6.Bg2 d6 7.O-O bxc4 8.Nc3 O-O 
9.h3 Nbd7 10.e4 Rb8 11.Re1 Ne8 12.Bf1 Nc7 13.Qc2 Nb6 14.Bf4 e5 15.Bg5 f6 
16.Bc1 Bd7 17.Kh2 f5 18.Nd2 f4 19.Nxc4 fxg3+ 20.Kxg3 Nxc4 21.Bxc4 Ne8 22.
Be3 Bf6 23.Qd2 Ng7 24.Be2 Bh4+ 25.Kg2 Kh8 26.Rh1 Qf6 27.Raf1 Nh5 28.Rh2 
Nf4+ 29.Bxf4 exf4 30.Bf3 Qe5 31.Rc1 Rb4 32.Rc2 a5 33.Rh1 a4 34.Qe2 Rb6 35.
Rg1 Bf6 36.Bg4 Bg7 37.f3 Qe7 38.Kh2 Bd4 39.Rg2 Be8 40.Be6 a3 41.b3 Qa7 42.
Qd1 Be5 43.Qc1 Rb4 44.Qf1 Qa5 45.Qc1 c4 46.bxc4 Rxc4 47.Nd1 Rxc2 48.Rxc2 
Qd8 49.Nc3 Qh4 50.Qg1 g5 51.Nb1 Bg6 52.Rg2 Bxe4 53.Rxg5 Qg3+ 54.Rxg3 fxg3+
55.Kg2 Rxf3 56.h4 h5 0-1

[Event "2nd GMA World Cup prel  #1"]
[Site "Belgrade YUG"]
[Date "1988.??.??"]
[Round "?"]
[White "Vujicic, Mirko"]
[Black "Ivanov, Jordan"]
[Result "1/2-1/2"]
[WhiteElo "2310"]
[BlackElo "2425"]
[EventDate "1988.12.??"]
[PlyCount "84"]

1.e4 c5 2.Nf3 d6 3.d4 cxd4 4.Nxd4 Nf6 5.Nc3 e6 6.Be2 Be7 7.O-O O-O 8.Be3 
Nc6 9.f4 e5 10.Nb3 exf4 11.Bxf4 Be6 12.Kh1 d5 13.e5 Nd7 14.Nxd5 Ndxe5 15.
Nxe7+ Qxe7 16.Nd4 Rad8 17.Nxc6 Nxc6 18.Qe1 Nb4 19.Qg3 Nxc2 20.Rad1 Rxd1 
21.Bxd1 Bc4 22.Bd6 Qe3 23.Bxf8 Qxg3 24.hxg3 Bxf1 25.Bc5 b6 26.Bxb6 axb6 
27.Bxc2 Bc4 28.Kg1 Kf8 29.Kf2 Ke7 30.a4 Kd6 31.b4 Ke5 32.Ke3 Bd5 33.a5 
bxa5 34.bxa5 Bxg2 35.a6 f5 36.Kf2 Bc6 37.Bd1 Kd6 38.Ke3 g5 39.a7 Kc7 40.
Bc2 f4+ 41.gxf4 gxf4+ 42.Kxf4 Kb7 1/2-1/2

[Event "2nd GMA World Cup prel  #1"]
[Site "Belgrade YUG"]
[Date "1988.??.??"]
[Round "?"]
[White "Vujicic, Mirko"]
[Black "Tosic, Miroslav"]
[Result "1-0"]
[WhiteElo "2310"]
[BlackElo "2405"]
[EventDate "1988.12.??"]
[PlyCount "129"]

1.e4 c5 2.c3 d6 3.d4 Nf6 4.f3 Nbd7 5.Be3 Qc7 6.Bd3 g6 7.Ne2 Bg7 8.Qd2 e5 
9.dxc5 dxc5 10.c4 Nf8 11.Nbc3 Ne6 12.Nd5 Qd8 13.g4 Nd4 14.Nxd4 cxd4 15.Bg5
h6 16.Bxf6 Bxf6 17.Nxf6+ Qxf6 18.O-O g5 19.Kg2 h5 20.h3 a5 21.c5 Be6 22.b4
axb4 23.Qxb4 O-O 24.a4 h4 25.Qd2 Rfc8 26.Rfc1 Bd7 27.a5 Kg7 28.Rab1 Rc7 
29.Bb5 Bc8 30.Ra1 Qf4 31.Qxf4 gxf4 32.Kf2 Kf8 33.c6 bxc6 34.Rxc6 Rxc6 35.
Bxc6 Ra7 36.Bb5 Ba6 37.Bxa6 Rxa6 38.Ke2 Ke7 39.Kd3 Kd6 40.Kc4 Kc6 41.Kb4 
Ra8 42.Rc1+ Kb7 43.Rc5 f6 44.Rd5 Rc8 45.Rd7+ Kc6 46.Rf7 Rd8 47.Rxf6+ Kc7 
48.Kb5 d3 49.Rc6+ Kb7 50.a6+ Ka8 51.Rc1 d2 52.Rd1 Rd3 53.Kc4 Rxf3 54.Rxd2 
Rxh3 55.Kd5 Rg3 56.Kxe5 Rxg4 57.Kf5 Rg8 58.Kxf4 h3 59.Rh2 Rf8+ 60.Kg3 Re8 
61.Kf3 Rf8+ 62.Kg3 Re8 63.Re2 Rh8 64.e5 Rh6 65.Kh2 1-0

[Event "2nd GMA World Cup prel  #1"]
[Site "Belgrade YUG"]
[Date "1988.??.??"]
[Round "?"]
[White "Vujicic, Mirko"]
[Black "Tringov, Georgi"]
[Result "1-0"]
[WhiteElo "2310"]
[BlackElo "2430"]
[EventDate "1988.12.??"]
[PlyCount "39"]

1.e4 c5 2.c3 g6 3.d4 cxd4 4.cxd4 d5 5.exd5 Nf6 6.Nc3 Bg7 7.Qb3 O-O 8.Be2 
Nbd7 9.Bf3 Nb6 10.Nge2 Bg4 11.Bxg4 Nxg4 12.Bf4 Nf6 13.d6 exd6 14.O-O Qd7 
15.Nb5 Rfe8 16.Nec3 Nc8 17.Bg5 a6 18.Bxf6 Bxf6 19.Nd5 Bd8 20.Nbc7 1-0

[Event "2nd GMA World Cup prel  #1"]
[Site "Belgrade YUG"]
[Date "1988.??.??"]
[Round "?"]
[White "Vujovic, Predrag"]
[Black "Bator, Robert"]
[Result "0-1"]
[WhiteElo "2300"]
[BlackElo "2370"]
[EventDate "1988.12.??"]
[PlyCount "76"]

1.d4 Nf6 2.Nf3 b6 3.Bg5 Ne4 4.Bh4 g6 5.Nbd2 Nxd2 6.Qxd2 Bb7 7.d5 Bg7 8.c3 
Na6 9.e4 Nc5 10.Bd3 a5 11.Bc2 Ba6 12.Bg5 d6 13.Be3 Qd7 14.h3 O-O 15.Bd4 e5
16.dxe6 Qxe6 17.Ng5 Qe7 18.Bxg7 Kxg7 19.O-O-O f6 20.Qd4 Rfe8 21.Rhe1 b5 
22.h4 b4 23.f3 Rab8 24.Nh3 Qf7 25.b3 bxc3 26.Qxc3 a4 27.b4 Ne6 28.Bxa4 
Rec8 29.Bc6 Bb5 30.a3 Bxc6 31.Qxc6 Rb6 32.Qc4 Qd7 33.Qd5 c5 34.b5 Qxb5 35.
Kd2 Qb2+ 36.Ke3 Nd4 37.Rg1 Rb3+ 38.Kf4 Ne2+ 0-1

[Event "2nd GMA World Cup prel  #1"]
[Site "Belgrade YUG"]
[Date "1988.??.??"]
[Round "?"]
[White "Vujovic, Predrag"]
[Black "Lazic, Miroljub"]
[Result "0-1"]
[WhiteElo "2300"]
[BlackElo "2375"]
[EventDate "1988.12.??"]
[PlyCount "119"]

1.d4 d5 2.Nf3 Nf6 3.Bf4 e6 4.e3 Bd6 5.Bg5 Nbd7 6.c4 c6 7.Bd3 Qa5+ 8.Nbd2 
Ne4 9.c5 Nxg5 10.Nxg5 Be7 11.Nf3 b6 12.cxb6 axb6 13.O-O Ba6 14.Qe2 Bxd3 
15.Qxd3 O-O 16.e4 dxe4 17.Qxe4 Qd5 18.Rfc1 Rfc8 19.a3 Bf6 20.Rc2 c5 21.
Rac1 Rcb8 22.dxc5 bxc5 23.b4 cxb4 24.axb4 Qxe4 25.Nxe4 Rxb4 26.Rc8+ Rxc8 
27.Rxc8+ Nf8 28.Nxf6+ gxf6 29.g3 Kg7 30.Rd8 Rb7 31.Kg2 Ng6 32.Rd2 f5 33.
Re2 Kf6 34.Ra2 Ne7 35.Kg1 Nd5 36.Kg2 Rb6 37.Rc2 Ne7 38.Re2 Ng6 39.Kh3 e5 
40.Nh4 Nf8 41.Kg2 Ne6 42.Nf3 e4 43.Ng1 Rb3 44.Re3 Rb1 45.h4 Rb2 46.Re2 
Rxe2 47.Nxe2 Ke5 48.Kf1 f4 49.Kg1 f3 50.Nc3 Kd4 51.Nd1 f5 52.Ne3 f4 53.
gxf4 Nxf4 54.Kf1 Ng6 55.h5 Nf4 56.Nf5+ Ke5 57.Ng3 Nd3 58.Kg1 Kf4 59.Nf1 h6
60.Nd2 0-1

[Event "2nd GMA World Cup prel  #1"]
[Site "Belgrade YUG"]
[Date "1988.??.??"]
[Round "?"]
[White "Vujovic, Predrag"]
[Black "Tringov, Georgi"]
[Result "1/2-1/2"]
[WhiteElo "2300"]
[BlackElo "2430"]
[EventDate "1988.12.??"]
[PlyCount "65"]

1.d4 Nf6 2.Nf3 g6 3.Bg5 Bg7 4.e3 d6 5.Bd3 h6 6.Bh4 g5 7.Bg3 Nh5 8.Nfd2 
Nxg3 9.hxg3 c5 10.c3 Nc6 11.dxc5 dxc5 12.Nb3 b6 13.Be4 Qxd1+ 14.Kxd1 Bb7 
15.N1d2 O-O-O 16.f4 e6 17.g4 c4 18.Nd4 Nxd4 19.Bxb7+ Kxb7 20.exd4 gxf4 21.
Kc2 Rc8 22.Rae1 Bf6 23.Ne4 Be7 24.Ref1 f5 25.gxf5 exf5 26.Nd2 Bg5 27.Nf3 
Rhg8 28.Re1 Rce8 29.Rxe8 Rxe8 30.Kd2 Re3 31.Rh5 Rd3+ 32.Ke2 Re3+ 33.Kd2 
1/2-1/2

[Event "2nd GMA World Cup prel  #1"]
[Site "Belgrade YUG"]
[Date "1988.??.??"]
[Round "?"]
[White "Vukovic, Zdravko"]
[Black "Cebalo, Miso"]
[Result "1/2-1/2"]
[WhiteElo "2415"]
[BlackElo "2510"]
[EventDate "1988.12.??"]
[PlyCount "69"]

1.e4 c5 2.b3 b6 3.Bb2 Bb7 4.Nc3 d6 5.f4 e6 6.Nf3 a6 7.Bd3 Nc6 8.O-O Nb4 9.
Be2 Nf6 10.a3 Nc6 11.Bd3 Nd4 12.Nxd4 cxd4 13.Ne2 Nxe4 14.Bxe4 Bxe4 15.Ng3 
Bb7 16.Bxd4 h5 17.Qe2 Qc7 18.h3 h4 19.Ne4 Qxc2 20.Nc3 Qf5 21.Bxb6 Rh6 22.
d3 Be7 23.Ne4 Rg6 24.Rac1 Qxh3 25.Rc7 Rb8 26.f5 Rg4 27.Qc2 Bxe4 28.dxe4 
Rxb6 29.fxe6 f6 30.Rf2 Qxb3 31.Rxe7+ Kxe7 32.Qc7+ Kxe6 33.Qc8+ Kf7 34.Qd7+
Kf8 35.Qd8+ 1/2-1/2

[Event "2nd GMA World Cup prel  #1"]
[Site "Belgrade YUG"]
[Date "1988.??.??"]
[Round "?"]
[White "Vukovic, Zdravko"]
[Black "Dorfman, Iosif"]
[Result "1/2-1/2"]
[WhiteElo "2415"]
[BlackElo "2540"]
[EventDate "1988.12.??"]
[PlyCount "103"]

1.e4 c5 2.b3 d5 3.exd5 Qxd5 4.Nc3 Qd8 5.Bb2 Nf6 6.Nf3 Nc6 7.Bb5 Bd7 8.O-O 
e6 9.d4 a6 10.Bxc6 Bxc6 11.Ne5 cxd4 12.Ne2 Be4 13.Bxd4 Qc7 14.c3 Bd6 15.
Nc4 Bxh2+ 16.Kh1 b5 17.Bxf6 gxf6 18.Qd4 Bb7 19.Ne3 Be5 20.Qh4 O-O-O 21.a4 
Rd2 22.Nd4 b4 23.f4 Bxd4 24.cxd4 Qd8 25.d5 exd5 26.Rad1 Rxd1 27.Rxd1 Re8 
28.Nc2 Re4 29.Nd4 Kb8 30.Qxh7 Qc7 31.Qh8+ Ka7 32.Qxf6 Rxf4 33.Qg5 f6 34.
Qg6 Rh4+ 35.Kg1 Qh2+ 36.Kf2 Rf4+ 37.Nf3 d4 38.Ke1 Bxf3 39.gxf3 Qh1+ 40.Kd2
Qxf3 41.Qf7+ Qb7 42.Qc4 Re4 43.Re1 f5 44.Rg1 Rg4 45.Rxg4 fxg4 46.Qxd4+ Qb6
47.Qd7+ Kb8 48.Qxg4 Qd6+ 49.Kc2 Qc5+ 50.Kb1 Qc3 51.Qe6 Kc7 52.Qd5 1/2-1/2

[Event "2nd GMA World Cup prel  #1"]
[Site "Belgrade YUG"]
[Date "1988.??.??"]
[Round "?"]
[White "Vukovic, Zdravko"]
[Black "Jovicic, Milos"]
[Result "0-1"]
[WhiteElo "2415"]
[BlackElo "2350"]
[EventDate "1988.12.??"]
[PlyCount "92"]

1.e4 c5 2.b3 d5 3.exd5 Qxd5 4.Nc3 Qd8 5.Bb2 Nf6 6.Nf3 e6 7.Bb5+ Nbd7 8.a4 
Bd6 9.d4 O-O 10.O-O a6 11.Bc4 Qc7 12.h3 Rd8 13.dxc5 Nxc5 14.Qe2 b6 15.b4 
Ncd7 16.Ng5 Nf8 17.Bd3 Bb7 18.b5 a5 19.Nce4 Nxe4 20.Nxe4 Bh2+ 21.Kh1 Be5 
22.Bxe5 Qxe5 23.f4 Qd4 24.Ng5 h6 25.Nf3 Bxf3 26.Qxf3 Nd7 27.Be4 Rac8 28.
Bc6 Nc5 29.f5 Qf6 30.Rae1 Rd4 31.Qe3 exf5 32.Rxf5 Qxf5 33.Qxd4 Qxc2 34.Qd5
Qxa4 35.Be8 Qf4 36.Re7 Ne6 37.Bc6 Rd8 38.Qb3 Nd4 39.Qc4 Qf6 40.Re1 Rc8 41.
Rf1 Qe5 42.Qxf7+ Kh8 43.Qd7 Rc7 44.Rf8+ Kh7 45.Be4+ Qxe4 46.Qxc7 Ne6 0-1

[Event "2nd GMA World Cup prel  #1"]
[Site "Belgrade YUG"]
[Date "1988.??.??"]
[Round "?"]
[White "Vukovic, Zdravko"]
[Black "Zakic, Srdan"]
[Result "1/2-1/2"]
[WhiteElo "2415"]
[BlackElo "2360"]
[EventDate "1988.12.??"]
[PlyCount "36"]

1.e4 c5 2.b3 e5 3.Bb2 Nc6 4.f4 Nf6 5.fxe5 Nxe4 6.Nf3 Be7 7.Bd3 d5 8.exd6 
Nxd6 9.Na3 O-O 10.O-O Bf6 11.Bxf6 Qxf6 12.Nc4 Nxc4 13.Bxc4 Bg4 14.Bd5 Rac8
15.d3 b6 16.Bxc6 Rxc6 17.Qd2 Bxf3 18.c3 Qh6 1/2-1/2

[Event "2nd GMA World Cup prel  #1"]
[Site "Belgrade YUG"]
[Date "1988.??.??"]
[Round "?"]
[White "Vuruna, Miodrag"]
[Black "Yanovsky, Sergei"]
[Result "1/2-1/2"]
[WhiteElo "2320"]
[BlackElo "2375"]
[EventDate "1988.12.??"]
[PlyCount "44"]

1.d4 Nf6 2.c4 c5 3.Nf3 cxd4 4.Nxd4 e6 5.Nc3 d5 6.cxd5 Nxd5 7.Bd2 Bc5 8.Nb3
Be7 9.Nxd5 Qxd5 10.Bc3 Qxd1+ 11.Rxd1 f6 12.g3 Nc6 13.Bg2 Bd7 14.O-O Rc8 
15.Rd2 Rc7 16.Rfd1 Bc8 17.Rc1 Nb4 18.Ra1 Nc6 19.a3 Nd8 20.Nd4 Bd7 21.a4 
Rc4 22.a5 a6 1/2-1/2

[Event "2nd GMA World Cup prel  #1"]
[Site "Belgrade YUG"]
[Date "1988.??.??"]
[Round "?"]
[White "Vuruna, Miodrag"]
[Black "Vujovic, Predrag"]
[Result "1/2-1/2"]
[WhiteElo "2320"]
[BlackElo "2300"]
[EventDate "1988.12.??"]
[PlyCount "26"]

1.d4 c6 2.c4 d5 3.Nc3 Nf6 4.Nf3 dxc4 5.a4 Bf5 6.e3 Bd3 7.Bxd3 cxd3 8.Qxd3 
e6 9.O-O Be7 10.e4 O-O 11.Bg5 Na6 12.Rad1 h6 13.Bc1 Nb4 1/2-1/2

[Event "2nd GMA World Cup prel  #1"]
[Site "Belgrade YUG"]
[Date "1988.??.??"]
[Round "?"]
[White "Wang Zili"]
[Black "Gostisa, Leon"]
[Result "1-0"]
[WhiteElo "2310"]
[BlackElo "2415"]
[EventDate "1988.12.??"]
[PlyCount "73"]

1.e4 c5 2.Nf3 Nc6 3.d4 cxd4 4.Nxd4 Qb6 5.Nb3 Nf6 6.Nc3 e6 7.Bd3 a6 8.O-O 
Be7 9.Kh1 d6 10.Bg5 O-O 11.f4 Qc7 12.Qe2 b5 13.Rae1 b4 14.Nd5 exd5 15.exd5
Nxd5 16.Qe4 g6 17.Qxd5 Be6 18.Qe4 Bf5 19.Qc4 Bxd3 20.cxd3 Bxg5 21.fxg5 Qb6
22.Nd2 Ne5 23.Qh4 Rae8 24.Ne4 Nd7 25.Qh3 d5 26.Qxd7 dxe4 27.Rxf7 Rxf7 28.
Qxe8+ Rf8 29.Qxe4 Qa5 30.Qe6+ Kh8 31.h4 b3 32.axb3 Qb4 33.Re4 Qd2 34.Qe5+ 
Kg8 35.Qc3 Qd1+ 36.Kh2 Qf1 37.Qc4+ 1-0

[Event "2nd GMA World Cup prel  #1"]
[Site "Belgrade YUG"]
[Date "1988.??.??"]
[Round "?"]
[White "Wang Zili"]
[Black "Shamkovich, Leonid"]
[Result "1-0"]
[WhiteElo "2310"]
[BlackElo "2450"]
[EventDate "1988.12.??"]
[PlyCount "101"]

1.e4 Nf6 2.e5 Nd5 3.d4 d6 4.Nf3 Bg4 5.Be2 e6 6.O-O Nc6 7.c4 Nde7 8.Qa4 d5 
9.c5 Qd7 10.Nc3 Nf5 11.Rd1 Be7 12.h3 Bxf3 13.Bxf3 O-O 14.Bg4 Nh4 15.Be3 
Rfd8 16.b4 Bf8 17.g3 Nf5 18.b5 Nce7 19.Bc1 a6 20.Rb1 axb5 21.Qxb5 Nc6 22.
Bxf5 exf5 23.Bg5 Rdb8 24.Qb3 h6 25.Be3 Rd8 26.h4 Na5 27.Qb5 c6 28.Qe2 Nc4 
29.Rb3 Ra3 30.Bc1 Ra7 31.Re1 Re8 32.Kg2 Na5 33.Ra3 Raa8 34.Ra4 Nc4 35.Qc2 
Rxa4 36.Nxa4 Ra8 37.Qb3 Qc7 38.Re2 Qa5 39.Nb2 Nxb2 40.Rxb2 Ra7 41.e6 fxe6 
42.Qe3 Qc7 43.Qxe6+ Qf7 44.Qc8 Qf6 45.Re2 Qxd4 46.Qe6+ Kh8 47.Bb2 Qxc5 48.
Qxh6+ Kg8 49.Bxg7 Bxg7 50.Re8+ Bf8 51.Qg6+ 1-0

[Event "2nd GMA World Cup prel  #1"]
[Site "Belgrade YUG"]
[Date "1988.??.??"]
[Round "?"]
[White "Wang Zili"]
[Black "Sveshnikov, Evgeny"]
[Result "1/2-1/2"]
[WhiteElo "2310"]
[BlackElo "2450"]
[EventDate "1988.12.??"]
[PlyCount "252"]

1.e4 c5 2.Nf3 Nc6 3.d4 cxd4 4.Nxd4 e5 5.Nb5 d6 6.c4 Be7 7.N1c3 a6 8.Na3 
Be6 9.Bd3 Bg5 10.O-O Bxc1 11.Rxc1 Nf6 12.Nc2 O-O 13.Nd5 Nd7 14.Nce3 Nd4 
15.Bb1 Rc8 16.Kh1 b5 17.f4 Nb6 18.cxb5 Rxc1 19.Qxc1 Bxd5 20.exd5 axb5 21.
b3 Qd7 22.fxe5 dxe5 23.Qc5 Nc8 24.Bxh7+ Kxh7 25.Qxf8 Nd6 26.a4 bxa4 27.Nc4
N6f5 28.Qc5 axb3 29.Nxe5 Qb7 30.Nc6 Qa6 31.Qc1 Ne3 32.Re1 Ndc2 33.Qb1 Qd3 
34.Nb4 Nxb4 35.Qxd3+ Nxd3 36.Rb1 Nxd5 37.Rxb3 Nf2+ 38.Kg1 Ne4 39.Rb7 Kg6 
40.g3 f5 41.Kg2 Kf6 42.h4 Kg6 43.Kf3 Nd2+ 44.Ke2 Ne4 45.Kf3 Ndf6 46.Ra7 
Nd2+ 47.Ke3 Nc4+ 48.Kf3 Nd5 49.Kf2 Nf6 50.Kf3 Ne5+ 51.Kf4 Nc6 52.Ra6 Nb4 
53.Ra7 Nbd5+ 54.Kf3 Ng4 55.Ra6+ Kf7 56.Ra7+ Kg6 57.Ra5 Nc7 58.Ra7 Ne6 59.
Ra6 Kf6 60.Ra7 Ne5+ 61.Kf2 Nc6 62.Ra6 Ned4 63.Ra1 Ke6 64.Ra8 Ke5 65.Ra1 
Ke4 66.Re1+ Kd5 67.Re8 Ne6 68.Ke3 Ke5 69.Ra8 Nb4 70.Re8 Nd5+ 71.Kf3 Nf6 
72.Re7 Kd5 73.Ra7 Ke5 74.Re7 g6 75.Ra7 Nd4+ 76.Kg2 Ne6 77.Kf3 Nd5 78.Ra6 
Nd4+ 79.Kf2 Nf6 80.Kg2 Ne6 81.Kf3 Nd5 82.Kf2 Nb4 83.Ra5+ Kd4 84.Ra4 Kc4 
85.Ke3 Nc5 86.Ra8 Nd5+ 87.Kf3 Nd3 88.Ra6 Ne5+ 89.Kf2 Kd3 90.Ra3+ Nc3 91.
Kg2 Kd4 92.Ra6 Ne4 93.Ra3 Nd2 94.Kf2 Ne4+ 95.Kg2 Nd2 96.Kf2 Ke4 97.Re3+ 
Kd5 98.Ra3 Kd4 99.Kg2 Ndc4 100.Ra4 Ke3 101.Ra6 Nd2 102.Re6 Nf3 103.Re8 Ke2
104.Re7 Ne1+ 105.Kg1 Nd3 106.Kg2 Ke3 107.Re8 Ke4 108.Re7 Kd4 109.Re8 Ke4 
110.Re7 Ne1+ 111.Kf2 Nf3 112.Re8 Nh2 113.Kg2 Ng4 114.Re6 Kd3 115.Ra6 Ke3 
116.Rb6 Kd2 117.Ra6 Ne3+ 118.Kf2 Nd1+ 119.Kf1 Ke3 120.Re6 Ke4 121.Kg2 Ne3+
122.Kf2 Nd5 123.Re8 Nb4 124.Kg2 Kd4 125.Rd8+ Ke3 126.Re8 Nd3 1/2-1/2

[Event "2nd GMA World Cup prel  #1"]
[Site "Belgrade YUG"]
[Date "1988.??.??"]
[Round "?"]
[White "Wang Zili"]
[Black "Tringov, Georgi"]
[Result "1-0"]
[WhiteElo "2310"]
[BlackElo "2430"]
[EventDate "1988.12.??"]
[PlyCount "115"]

1.e4 c5 2.Nf3 d6 3.d4 cxd4 4.Nxd4 Nf6 5.Nc3 e6 6.Be2 a6 7.O-O Be7 8.f4 Qc7
9.Be3 O-O 10.Kh1 Nc6 11.Qe1 Bd7 12.Qg3 Kh8 13.a4 Rae8 14.Rad1 Nb4 15.Rd2 
d5 16.e5 Ne4 17.Nxe4 dxe4 18.f5 exf5 19.Nxf5 Bxf5 20.Rxf5 Nxc2 21.Bg1 Nb4 
22.Qf4 Bc5 23.e6 Qxf4 24.Rxf4 Bxg1 25.exf7 Rc8 26.Kxg1 e3 27.Rd7 a5 28.Rc4
g6 29.Rxb7 Rcd8 30.Rc3 Nd5 31.Rd3 Kg7 32.Bf3 Nf4 33.Rxe3 Rxf7 34.Rxf7+ 
Kxf7 35.Re5 Rd2 36.Rxa5 Rxb2 37.Ra7+ Kf6 38.Rxh7 Nd3 39.h3 Ne5 40.Bb7 Ra2 
41.Rh4 g5 42.Rd4 g4 43.hxg4 Kg5 44.Bc8 Kh4 45.Re4 Kg3 46.Re3+ Kf4 47.Rb3 
Rxa4 48.g3+ Ke4 49.Bf5+ Kd4 50.g5 Ra7 51.g6 Kc5 52.Kg2 Rg7 53.Kh3 Nxg6 54.
Bxg6 Rxg6 55.Rd3 Kc6 56.Kh4 Rh6+ 57.Kg5 Rh3 58.Kf4 1-0

[Event "2nd GMA World Cup prel  #1"]
[Site "Belgrade YUG"]
[Date "1988.??.??"]
[Round "?"]
[White "Westerinen, Heikki"]
[Black "Franzen, Jozef"]
[Result "1-0"]
[WhiteElo "2395"]
[BlackElo "2320"]
[EventDate "1988.12.??"]
[PlyCount "29"]

1.e4 e5 2.f4 exf4 3.Bc4 d5 4.exd5 Qh4+ 5.Kf1 f3 6.Bb5+ c6 7.Nxf3 Qh5 8.
Qe2+ Be7 9.dxc6 Nxc6 10.Ne5 Qf5+ 11.Ke1 Qxc2 12.Nc3 Bd7 13.Nxc6 Bxc6 14.
Bd3 Bxg2 15.Rg1 1-0